| 000 | 00799nam a2200229 a 4500 | ||
|---|---|---|---|
| 001 | 78281 | ||
| 003 | BD-RjUL | ||
| 005 | 20211209083119.0 | ||
| 008 | 151102s1949 ii ||||| |||| 001 0 ben d | ||
| 035 | _a(BD-RjUL)78507 | ||
| 040 |
_aBD-RjUL _bben _cBD-RjUL |
||
| 041 | _aben | ||
| 082 |
_223 _a306 _bHAS 1949 |
||
| 100 |
_aহালদার, গোপাল. _9118374 |
||
| 245 | 1 | 0 |
_aসংস্কৃতির রূপান্তর / _cগোপাল হালদার. |
| 250 | _a৩য় সং. | ||
| 260 |
_aকলিকাতা : _bপুথিঘর, _c১৩৫৬ [১৯৪৯] |
||
| 300 |
_a২৬৩ পৃ. ; _c২২ সেমি. |
||
| 650 |
_aসংস্কৃতি _xইতিহাস _9118375 |
||
| 650 |
_aCulture _x History _xCongresses. _9118376 |
||
| 942 |
_2ddc _cBK |
||
| 999 |
_c78281 _d78281 |
||